|
|
|
|
| LEADER |
00781cam a2200253ua 4500 |
| 008 |
130614t2012||||||||||| 00 ||eng c |
| 020 |
|
|
|a 978-0-415-89463-0
|
| 041 |
0 |
|
|a eng
|
| 082 |
|
|
|a 343.730 99
|b MOO/M
|
| 100 |
|
|
|a Moore,, Roy L
|
| 245 |
1 |
0 |
|a Media Law and Ethics /
|
| 250 |
|
|
|a 4
|
| 260 |
|
|
|a London:
|b Routledge,
|c 2012.
|
| 300 |
|
|
|a 755.
|
| 362 |
1 |
|
|a 2012.
|
| 650 |
|
|
|a Mass media- Law and legislation
|
| 650 |
0 |
|
|a Moral and ethical aspects-Media
|
| 650 |
0 |
|
|a United states-America-Media law
|
| 650 |
0 |
|
|a Mass communication
|
| 650 |
0 |
|
|a Intellectual property
|
| 700 |
0 |
2 |
|a Murray,, Michael D
|
| 942 |
|
|
|c BK
|
| 999 |
|
|
|c 29103
|d 29103
|
| 952 |
|
|
|0 0
|1 0
|4 0
|6 343_730000000000000_99_MOO
|7 0
|9 30897
|a KUCL
|b KUCL
|d 2014-05-23
|l 0
|o 343.730 99 MOO/
|p 30593
|r 2014-05-23
|w 2014-05-23
|y BK
|